Ski Areas of North America on a Map - Statistics

General Stats
  • This quiz has been taken 95 times
    61 since last reset
  • The average score is 10 of 20
Answers on the Map
Answers color-coded by a green-red scale on the quiz's map according to % correct below.
 
Answer Stats
Resort % Correct
Whistler
87%
Aspen Snowmass
80%
Vail
76%
Alta
72%
Jackson Hole
72%
Palisades Tahoe
70%
Big Sky
69%
Taos
57%
Breckenridge
56%
Banff
54%
Steamboat
54%
Mammoth
50%
Sun Valley
50%
Telluride
48%
Smugglers' Notch
41%
Snowshoe
28%
Powder Mountain
26%
Crystal
24%
Mont Tremblant
24%
Bretton Woods
11%
No matching quizzes found
Score Distribution
Percent of People with Each Score
Percentile by Number Answered
Your Score History
You have not taken this quiz since the last reset